| 000 | 00928cam a2200289 a 4500 | ||
|---|---|---|---|
| 001 | 000002835 | ||
| 005 | 20200929150251.0 | ||
| 008 | 060612s1997 sp a 001 1 spa | ||
| 020 | _a8437614147 | ||
| 040 |
_aDO-SdBNP _cDLC |
||
| 082 |
_a863.5 _bP438c, 1997 |
||
| 100 | 1 |
_aPérez Galdós, Benito, _d1843-1920. _93681 |
|
| 245 | 1 | 0 |
_aCuentos fantásticos / _cBenito Pérez Galdós ; edición, Alan E. Smith. |
| 250 | _a2a ed. | ||
| 260 |
_aMadrid : _bcátedra, _c1997. |
||
| 300 |
_a242 p. : _bil. ; _c21 cm. |
||
| 490 | 1 |
_aLetras hispánicas _v409 |
|
| 504 | _aIncluye referencias bibliográficas | ||
| 504 | _aIncluye notas al pie de las páginas | ||
| 650 | 4 |
_aCuentos _xColecciones _98799 |
|
| 650 | 4 |
_aCuentos españoles _93194 |
|
| 650 | 4 |
_aLiteratura española _9632 |
|
| 700 | 1 |
_aSmith, Alan E., _eed. _98979 |
|
| 830 | 0 |
_aLetras hispánicas ; _v409 _94208 |
|
| 910 | _aCatalogación por copia / LC | ||
| 910 | _aWM | ||
| 999 |
_c2669 _d2669 |
||